How You Remind Me - Nickelback - All Lyrics - Statistics

General Stats
  • This quiz has been taken 362 times
  • The average score is 329 of 391
Answer Stats
Answer % Correct
a
100%
how
100%
I
100%
"I
100%
is
100%
me
100%
remind
100%
you
100%
you,"
100%
this
99%
This
99%
am
98%
of
98%
it
97%
really
97%
what
95%
like
94%
no,
94%
no
94%
No,
94%
so
94%
not
93%
It's
92%
sorry
91%
to
91%
And
90%
and
90%
man
90%
say
90%
as
89%
Never
89%
story
88%
do
87%
different
86%
made
86%
wise
85%
the
84%
Yeah,
84%
yeah
84%
been
83%
Been
83%
couldn't
82%
I've
81%
on
81%
poor
81%
for
80%
I’m
80%
I'm
80%
time
80%
we
80%
breakin'
79%
in
79%
my
79%
every
78%
was
78%
down
77%
heart
77%
bottle
76%
"Are
75%
are
75%
Are
75%
bottom
75%
blind
74%
havin'
74%
head
74%
head)
74%
stealin'
74%
wrong,
74%
mistaken
73%
yet?"
72%
Yet,
72%
yet,
72%
yet?
72%
waitin'
71%
fun
70%
have
70%
words
69%
livin'
68%
cut
67%
love
67%
Scream,
66%
scream)
66%
Tired
66%
worth
65%
feeling
64%
sick
63%
stealing
62%
These
62%
(These
62%
sense
61%
said,
60%
that
60%
know
57%
with
57%
must
55%
still
55%
bad
54%
five
54%
didn't
53%
swear
52%
handing
49%
killed
48%
'Cause
46%
damn
46%
near
45%
without
43%
sight
26%
No matching quizzes found
Score Distribution
Percent of People with Each Score
Percentile by Number Answered
Your Score History
You have not taken this quiz